| 000 | 00738nam a2200217 a 4500 | ||
|---|---|---|---|
| 005 | 20240419063854.0 | ||
| 008 | 031104s1998 mx r 000 0 spa d | ||
| 020 | _a8477385475 | ||
| 035 | _aUPN01000130654 | ||
| 049 | _aCG | ||
| 050 | 4 |
_aHB201 _bS2.8 |
|
| 100 | 1 | _aSánchez Molinero, José Miguel | |
| 245 | 1 | 0 |
_aUtilidad y bienestar : _buna historia de las ideas sobre utilidad y bienestar social / _cJosé Miguel Sánchez Molinero, Rafael de Santiago Hernando. |
| 260 |
_aMadrid : _bSíntesis, _c[1998]. |
||
| 300 |
_a287 p. : _bfigs. |
||
| 440 | 0 |
_aHistoria del pensamiento económico ; _v7 |
|
| 650 | 4 | _aUTILIDAD | |
| 650 | 4 |
_aEconomía de bienestar _916777 |
|
| 700 | 1 |
_aSantiago Hernando, Rafael de, _ecoaut. |
|
| 905 | _aLibro | ||
| 999 |
_c102811 _d102811 |
||